000 00698nam a2200217Ia 4500
020 _a9789251057568
020 _a9251057567
040 _cOSU
082 _a639 FOO 2007 A083 Or.
100 1 _aTietze, Uwe
245 1 0 _aCredit and microfinance needs in inland capture fisheries development and conservation in Asia /
260 _aRome :
_bFood and Agriculture Organization of the United Nations,
_cc2007
300 _axvi, 138 p. :
_bill. ;
_c29 cm
490 1 _aFAO fisheries technical paper,
650 0 _aFisheries
650 0 _aFishery management
650 0 _aFisheries
650 0 _aMicrofinance
710 2 _aFood and Agriculture Organization of the United Nations
942 _cEK
999 _c16086
_d16086